[Event "Schleswig-Holstein-ch HT"]
[Site "Bad Segeberg"]
[Date "2018.03.24"]
[Round "1"]
[White "Moeller, Rainer"]
[Black "Scharf, Oliver"]
[Result "0-1"]
[WhiteElo "1426"]
[BlackElo "1733"]
[PlyCount "72"]
[EventDate "2018.03.24"]
[EventType "swiss"]
[EventRounds "9"]
[EventCountry "GER"]
[SourceTitle "EXT 2023"]
[Source "ChessBase"]
[SourceDate "2022.10.05"]
[SourceVersion "1"]
[SourceVersionDate "2022.10.05"]
[SourceQuality "1"]

1. e4 e5 2. Nf3 d6 3. d4 exd4 4. Nxd4 Be7 5. Nc3 Nf6 6. Bc4 Bg4 7. f3 Bh5 8. 0-0 0-0 9. Re1 Nbd7 10. Nf5 Ne5 11. Nxe7+ Qxe7 12. Bb3 h6 13. Nd5 Nxd5 14. exd5 Qf6 15. Rf1 a5 16. a4 Rfe8 17. Bd2 Nd7 18. Bc3 Qg5 19. Bd2 Qh4 20. Be1 Qd8 21. c4 Nc5 22. Bc2 c6 23. Bc3 Na6 24. Qd4 Qg5 25. f4 c5 26. Qf2 Qd8 27. f5 Be2 28. Qg3 Qg5 29. Qxg5 hxg5 30. Rf2 Bxc4 31. Bxa5 Bxd5 32. Rd1 Bc6 33. Rxd6 Nb8 34. f6 Rxa5 35. fxg7 Kxg7 36. h3 Bxa4 0-1

[Event "Schleswig Holstein-ch Seniors"]
[Site "Hanerau"]
[Date "2015.04.01"]
[Round "7"]
[White "Petersen, Markus"]
[Black "Moeller, Rainer"]
[Result "1-0"]
[WhiteElo "1443"]
[BlackElo "1294"]
[PlyCount "77"]
[EventDate "2015.03.28"]
[EventType "swiss"]
[EventRounds "9"]
[EventCountry "GER"]
[SourceTitle "EXT 2018"]
[Source "ChessBase"]
[SourceDate "2017.10.13"]
[SourceVersion "1"]
[SourceVersionDate "2017.10.13"]
[SourceQuality "1"]

1. e4 c5 2. Nf3 d6 3. Bc4 e6 4. Nc3 Nf6 5. 0-0 Be7 6. d4 cxd4 7. Nxd4 0-0 8. Bb3 Nbd7 9. a3 Nc5 10. Qe2 Nxb3 11. Nxb3 a6 12. f4 Qc7 13. Be3 b5 14. Rad1 Bb7 15. Bf2 Rfe8 16. Bg3 Rac8 17. e5 dxe5 18. fxe5 Nd5 19. Rd3 Bg5 20. Nd4 Qe7 21. Ne4 Red8 22. Nd6 Rxd6 23. exd6 Qd7 24. c3 Nf6 25. Nf3 Bxf3 26. Rdxf3 Rf8 27. h4 Bh6 28. Rd1 Ng4 29. Bf2 e5 30. Rg3 Bf4 31. Rxg4 f5 32. Rxf4 exf4 33. Qe7 Qxe7 34. dxe7 Re8 35. Rd8 Kf7 36. Bc5 Rxe7 37. Bxe7 Kxe7 38. Ra8 h6 39. Rxa6 1-0